<?xml version="1.0" encoding="UTF-8"?>
<record
    xmlns:xsi="http://www.w3.org/2001/XMLSchema-instance"
    xsi:schemaLocation="http://www.loc.gov/MARC21/slim http://www.loc.gov/standards/marcxml/schema/MARC21slim.xsd"
    xmlns="http://www.loc.gov/MARC21/slim">

  <leader>01020nam a2200289 a 4500</leader>
  <controlfield tag="001">BRL_1729</controlfield>
  <controlfield tag="005">20190320211337.0</controlfield>
  <controlfield tag="008">220715s1975----mx-a######---#000-0#spa-#</controlfield>
  <datafield tag="041" ind1=" " ind2=" ">
    <subfield code="a">spa</subfield>
  </datafield>
  <datafield tag="044" ind1=" " ind2=" ">
    <subfield code="a">mx</subfield>
  </datafield>
  <datafield tag="050" ind1=" " ind2="4">
    <subfield code="a">F1219</subfield>
    <subfield code="b">.C63 1975</subfield>
  </datafield>
  <datafield tag="245" ind1="1" ind2="0">
    <subfield code="a">Codice chimalpopoca</subfield>
    <subfield code="b">anales de Cuauhtitlan y leyenda de los soles</subfield>
    <subfield code="c">Traducci&#xF3;n directa del n&#xE1;huatl por Primo Feliciano Vel&#xE1;zquez.</subfield>
  </datafield>
  <datafield tag="250" ind1=" " ind2=" ">
    <subfield code="a">2a ed.</subfield>
  </datafield>
  <datafield tag="260" ind1=" " ind2=" ">
    <subfield code="a">M&#xE9;xico</subfield>
    <subfield code="b">UNAM, Instituro de Investigaciones Hist&#xF3;ricas</subfield>
    <subfield code="c">1975</subfield>
  </datafield>
  <datafield tag="300" ind1=" " ind2=" ">
    <subfield code="a">xxi, 161 p&#xE1;ginas, 84 p&#xE1;ginas de facs&#xED;mil</subfield>
    <subfield code="b">il., laminas</subfield>
    <subfield code="c">23 cm</subfield>
  </datafield>
  <datafield tag="440" ind1=" " ind2="0">
    <subfield code="a">Primera serie prehisp&#xE1;nica</subfield>
    <subfield code="v">1</subfield>
    <subfield code="9">27739</subfield>
  </datafield>
  <datafield tag="500" ind1=" " ind2=" ">
    <subfield code="a">Au1908</subfield>
  </datafield>
  <datafield tag="630" ind1="0" ind2="4">
    <subfield code="a">Codice chimalpopoca</subfield>
    <subfield code="9">27740</subfield>
  </datafield>
  <datafield tag="650" ind1="1" ind2="4">
    <subfield code="a">Aztecas</subfield>
    <subfield code="x">Historia</subfield>
    <subfield code="9">2486</subfield>
  </datafield>
  <datafield tag="650" ind1="1" ind2="4">
    <subfield code="a">Mitolog&#xED;a Azteca</subfield>
    <subfield code="9">2487</subfield>
  </datafield>
  <datafield tag="650" ind1="1" ind2="4">
    <subfield code="a">N&#xE1;huatl</subfield>
    <subfield code="x">textos</subfield>
    <subfield code="9">27741</subfield>
  </datafield>
  <datafield tag="650" ind1="1" ind2="4">
    <subfield code="a">Manuscritos n&#xE1;huatl</subfield>
    <subfield code="v">Facs&#xED;miles</subfield>
    <subfield code="9">23794</subfield>
  </datafield>
  <datafield tag="651" ind1=" " ind2="4">
    <subfield code="a">M&#xE9;xico</subfield>
    <subfield code="x">Historia</subfield>
    <subfield code="y">Hasta 1519</subfield>
    <subfield code="9">9704</subfield>
  </datafield>
  <datafield tag="700" ind1="1" ind2=" ">
    <subfield code="a">Vel&#xE1;zquez, Primo Feliciano,</subfield>
    <subfield code="d">1860-1953</subfield>
    <subfield code="e">tr.</subfield>
    <subfield code="9">27742</subfield>
  </datafield>
  <datafield tag="902" ind1=" " ind2=" ">
    <subfield code="a">GRL</subfield>
  </datafield>
  <datafield tag="942" ind1=" " ind2=" ">
    <subfield code="2">lcc</subfield>
    <subfield code="c">B</subfield>
  </datafield>
  <datafield tag="999" ind1=" " ind2=" ">
    <subfield code="c">10537</subfield>
    <subfield code="d">10537</subfield>
  </datafield>
  <datafield tag="952" ind1=" " ind2=" ">
    <subfield code="0">0</subfield>
    <subfield code="1">0</subfield>
    <subfield code="4">0</subfield>
    <subfield code="7">0</subfield>
    <subfield code="a">BRL</subfield>
    <subfield code="b">BRL</subfield>
    <subfield code="d">2015-07-22</subfield>
    <subfield code="i">Au1908</subfield>
    <subfield code="l">0</subfield>
    <subfield code="o">F1219 .C63 1975 (Au1908)</subfield>
    <subfield code="p">GRL01895</subfield>
    <subfield code="r">2019-03-22 00:00:00</subfield>
    <subfield code="w">2019-03-22</subfield>
    <subfield code="y">B</subfield>
  </datafield>
</record>
